Quiz państwa z największą liczbą krów - Statystyki

Ogólne statystyki
  • Ten quiz został rozwiązany 15 razy
  • Średni wynik to 9 z 15
Statystyki odpowiedzi
# państwa % Poprawnych
63.5 mln Chiny
100%
94.8 mln Stany Zjednoczone
100%
218 mln Brazylia
92%
193 mln Indie
92%
54.5 mln Argentyna
83%
35.2 mln Meksyk
75%
24.7 mln Australia
67%
27.2 mln Kolumbia
67%
47.8 mln Pakistan
50%
63.3 mln Etiopia
42%
20.9 mln kenia
42%
31.5 mln Sudan
42%
24.2 mln Bangladesz
25%
30.6 mln Czad
25%
27.8 mln Tanzania
17%
Nie znaleziono quizów pasujących do podanych kryteriów
Rozkład punktacji
Procent ludzi z każdym wynikiem
Percentyl według liczby udzielonych odpowiedzi
Twoja historia wyników
Nie rozwiązałeś tego quizu